5 by 5 Cartoon Characters II Quiz Stats

 Plays Quiz Updated Jun 18, 2015

Support Sporcle.
Go Orange.
Score 0/25 Timer 05:00
2 Plays Today
Show Answer % Correct
The SimpsonsHomer Simpson
97.7%
SpongeBob SquarePantsSpongeBob SquarePants
97.6%
Bart Simpson
97.2%
Marge Simpson
95.5%
Lisa Simpson
94.1%
Looney TunesDaffy Duck
92.5%
Tasmanian Devil
91.5%
Patrick Star
90.1%
Maggie Simpson
88.8%
Stewie Griffin
88.2%
Family GuyPeter Griffin
86.3%
Porky Pig
84.2%
Sylvester
83.9%
Show Answer % Correct
Meg Griffin
79.9%
Lois Griffin
79.3%
Plankton
72.2%
Pepe Le Pew
71.8%
Mr. Krabs
70.8%
Sandy Cheeks
70.4%
RugratsTommy Pickles
70%
Angelica Pickles
68.4%
Chris Griffin
67.3%
Chuckie Finster
63.9%
Lillian DeVille
55.9%
Phillip DeVille
55.1%

From the Vault

True or False Blitz: Shakespeare Plays

by Smeddlesboy

Guess wrong and you may feel stuck between a rock and a bard place.
Remove Ads.
Support Sporcle.
Get the best of Sporcle when you Go Orange. This ad-free experience offers more features, more stats, and more fun while also helping to support Sporcle. Thank you for becoming a member.

Show Comments

Extras

Top Quizzes Today


Score Distribution

Your Account Isn't Verified!

In order to create a playlist on Sporcle, you need to verify the email address you used during registration. Go to your Sporcle Settings to finish the process.

Report this User

Report this user for behavior that violates our Community Guidelines.

Details: